书目信息 |
| 题名: |
李埏学术文选
|
|
| 作者: | 李埏 著 | |
| 分册: | ||
| 出版信息: | 昆明 云南人民出版社 2016 |
|
| 页数: | 310页 | |
| 开本: | 24cm | |
| 丛书名: | 云南文库·学术名家文丛 | |
| 单 册: | ||
| 中图分类: | F129.3-53 | |
| 科图分类: | ||
| 主题词: | 封建经济--中国经济史--文集 | |
| 电子资源: | ||
| ISBN: | 978-7-222-14237-4 | |
| 000 | 00905oam2 2200253 450 | |
| 001 | 012001002078 | |
| 005 | 20140926114740.0 | |
| 010 | @a978-7-222-14237-4@dCNY75.00 | |
| 100 | @a20170619d2016 em y0chiy50 ea | |
| 101 | 0 | @achi |
| 102 | @aCN@b530000 | |
| 105 | @ay z 000yy | |
| 106 | @ar | |
| 200 | 1 | @a李埏学术文选@9li shan xue shu wen xuan@e中国封建经济史论集@f李埏著 |
| 210 | @a昆明@c云南人民出版社@c云南大学出版社@d2016 | |
| 215 | @a310页@d24cm | |
| 225 | 1 | @a云南文库·学术名家文丛@f张瑞才主编 |
| 330 | @a本书内容包括:经济史研究中的商品经济问题、试论历史局限性、龙崇拜的起源、试论殷商奴隶制向西周封建制的过渡问题、试论中国古代农村公社的延续和解体等。 | |
| 461 | 0 | @12001 @a云南文库·学术名家文丛 |
| 606 | 0 | @a封建经济@x中国经济史@j文集 |
| 690 | @aF129.3-53@v5 | |
| 701 | 0 | @a李埏@9li shan@f(1914-2008)@4著 |
| 801 | 0 | @aCN@b上海新华@c20180901 |
| 905 | @b1160041-5@dF129.3-53@e115@f5 | |
| 李埏学术文选:中国封建经济史论集/李埏著.-昆明:云南人民出版社:云南大学出版社,2016 |
| 310页;24cm.-(云南文库·学术名家文丛/张瑞才主编) |
| ISBN 978-7-222-14237-4:CNY75.00 |
| 本书内容包括:经济史研究中的商品经济问题、试论历史局限性、龙崇拜的起源、试论殷商奴隶制向西周封建制的过渡问题、试论中国古代农村公社的延续和解体等。 |
| ● |
| 相关链接 |
|
|
|
|
正题名:李埏学术文选
索取号:F129.3-53/115
 
预约/预借
| 序号 | 登录号 | 条形码 | 馆藏地/架位号 | 状态 | 备注 |
| 1 | 1160041 | 211600418 | 第一样本阅览室/ [索取号:F129.3-53/115] | 在馆 | |
| 2 | 1160042 | 211600427 | 密集书库-海洋学院/ [索取号:F129.3-53/115] | 在馆 | |
| 3 | 1160043 | 211600436 | 第一借阅区/ [索取号:F129.3-53/115] | 在馆 | |
| 4 | 1160044 | 211600445 | 第一借阅区/ [索取号:F129.3-53/115] | 在馆 | |
| 5 | 1160045 | 211600454 | 第一借阅区/ [索取号:F129.3-53/115] | 在馆 |